| 000 | 00615nam a2200193 a 4500 | ||
|---|---|---|---|
| 005 | 20210223121823.0 | ||
| 008 | 991125s1967 mx 000 0 spa u | ||
| 035 | _aUPN01000024425 | ||
| 049 | _aCG | ||
| 050 | 4 |
_aLB2336 _bC8.38 |
|
| 100 | 1 | _aCurti, Merle | |
| 245 | 1 | 3 |
_aLa filantropía y la educación superior / _cMerle Curti y Roderick Nash ; tr. Luz María Trejo de Hernández. |
| 260 |
_aMéxico : _bLimusa-Wiley, _c1967. |
||
| 300 | _a373 p. | ||
| 650 | 4 |
_aFUNDACIONES BENEFICAS _96248 |
|
| 650 | 4 |
_aUNIVERSIDADES Y COLEGIOS - _zESTADOS UNIDOS _925132 |
|
| 700 | 1 |
_aNash, Roderick, _ecoaut. |
|
| 905 | _aLibro | ||
| 999 |
_c24425 _d24425 |
||